Is this the new asbestos? (Record no. 72157)
[ view plain ]
| 000 -LEADER | |
|---|---|
| fixed length control field | 01061cam a2200241 4500 |
| 001 - CONTROL NUMBER | |
| control field | ABS66434 |
| 008 - FIXED-LENGTH DATA ELEMENTS--GENERAL INFORMATION | |
| fixed length control field | 030226n2003 000 0 eng u |
| 035 ## - SYSTEM CONTROL NUMBER | |
| System control number | (Sirsi) u121430 |
| 100 ## - MAIN ENTRY--PERSONAL NAME | |
| Personal name | Littlefield, D. |
| 245 ## - TITLE STATEMENT | |
| Title | Is this the new asbestos? |
| 260 ## - PUBLICATION, DISTRIBUTION, ETC. | |
| Date of publication, distribution, etc. | 2003 |
| 490 ## - SERIES STATEMENT | |
| Series statement | RIBA Journal |
| Volume/sequential designation | 110(02) February 2003, 62-66(4) |
| 490 ## - SERIES STATEMENT | |
| Series statement | Architects' Journal |
| Volume/sequential designation | 217(6) 13 February 2003, 38(1) |
| 520 ## - SUMMARY, ETC. | |
| Summary, etc. | Analyses the development of stachybotrys charturum, also known as toxic mould. Contains a simple explanation of what the mould is, and the risk it poses, including cold-like symptoms, rashes and aggravation of asthma. Looks at the insurance implications of claims and emphasises that property professionals will need to inform themselves of this issue, as ignorance will be regarded as no defence against claims (see also X121592). |
| 590 ## - LOCAL NOTE (RLIN) | |
| Local note | ABS |
| 650 ## - SUBJECT ADDED ENTRY--TOPICAL TERM | |
| Topical term or geographic name entry element | MOULD |
| 650 ## - SUBJECT ADDED ENTRY--TOPICAL TERM | |
| Topical term or geographic name entry element | STACHYBOTRYS CHARTARUM |
| 650 ## - SUBJECT ADDED ENTRY--TOPICAL TERM | |
| Topical term or geographic name entry element | TOXIC MOULD |
| 650 ## - SUBJECT ADDED ENTRY--TOPICAL TERM | |
| Topical term or geographic name entry element | INSURANCE CLAIMS |
| 690 ## - LOCAL SUBJECT ADDED ENTRY--TOPICAL TERM (OCLC, RLIN) | |
| Topical term or geographic name as entry element | Health and safety |
| 9 (RLIN) | 6244 |
| 700 ## - ADDED ENTRY--PERSONAL NAME | |
| Personal name | Reyers, J. |
| 942 ## - ADDED ENTRY ELEMENTS (KOHA) | |
| Suppress in OPAC | 0 |
| Withdrawn status | Lost status | Source of classification or shelving scheme | Damaged status | Not for loan | Home library | Current library | Shelving location | Date acquired | Total Checkouts | Full call number | Barcode | Date last seen | Copy number | Price effective from | Koha item type |
|---|---|---|---|---|---|---|---|---|---|---|---|---|---|---|---|
| Dewey Decimal Classification | London | London | Journal article | 26/02/2003 | ABS66434 | 121430-1001 | 06/08/2019 | 1 | 06/08/2019 | Journal article |